| 000 | 00604nam#a22002415a#4500 | ||
|---|---|---|---|
| 001 | 2442 | ||
| 245 | 1 | 0 |
_aRuta de colisión / _cMarina Colasanti. |
| 250 | _a1ª edic. | ||
| 260 |
_aCórdoba : _bBrujas, _c2014. |
||
| 300 |
_a156 p. ; _c21 cm. |
||
| 490 | 0 | _a(Fénix) | |
| 500 | _aPertenece a la colección Juan Gelman. | ||
| 020 | _a9789875915077 | ||
| 100 | 1 | _aColasanti, Marina. | |
| 080 | _a82-1 | ||
| 084 | _aC71 | ||
| 653 | _aPoesía Brasilera | ||
| 040 |
_aAR-ClEAG _cAR-ClEAG |
||
| 008 | 141027s2014####ag############000#0#und#d | ||
| 005 | 20241107184744.0 | ||
| 003 | AR-ClEAG | ||
| 942 | _cBK | ||
| 999 |
_c2442 _d2442 |
||
| 980 |
_62 _aEvangelina Gallicchio _82 _gEvangelina Gallicchio |
||